Formel 1 Führungskilometer | Top 10 Fahrer - Statistiken

Allgemein
  • Dieses Quiz wurde 98 mal gespielt
  • Das Durchschnittsergebnis liegt bei 7 aus 10
Antwortstatistiken
Platz Fahrer % Korrekt
1. Lewis Hamilton
100%
3. Max Verstappen
99%
2. Michael Schumacher
96%
4. Sebastian Vettel
90%
5. Ayrton Senna
89%
6. Alain Prost
71%
9. Juan Manuel Fangio
55%
8. Nigel Mansell
39%
10. Jackie Stewart
24%
7. Jim Clark
24%
Keine übereinstimmenden Quizze gefunden
Verteilung der Resultate
Anzahl Personen mit jedem Resultat
Perzentil nach korrekt beantworteten Fragen
Ihre Resultats-Entwicklung
Sie haben dieses Quiz noch nicht gespielt